000 00896nam a2200325 a 4500
001 39419
003 AR-BaAGN
005 20231205062532.0
007 ta
008 220625s1997 ag |||||r|||| ||||||spa d
020 _a950-9822-46-9
040 _bspa
_eaacr
_aAR-BaAGN
100 1 _aMeira Mattos, Carlos
245 1 0 _aGeopolítica y teoría de las fronteras
260 _aBuenos Aires :
_bCírculo Militar,
_c1997.
300 _a771, 182 páginas :
_bmap. byn
336 _2rdacontent
_btxt
337 _2rdamedia
_bn
338 _2rdacarrier
_bnc
490 0 _aColección : Biblioteca del Oficial
650 4 _aFRONTERAS
_91516
650 4 _aGEOPOLÍTICA
_9645
650 4 _aCONFLICTOS DE LÍMITES
_92372
650 4 _aPOLÍTICA ARGENTINA
_95024
651 4 _aArgentina
_93645
651 4 _aBrasil
_93631
942 _cLIBRO
_n0
999 _c39419
_d39419